| 000 | 004650000a22001810004500 | ||
|---|---|---|---|
| 003 | MACL | ||
| 005 | 20160109123248.0 | ||
| 008 | 160109b xxu||||| |||| 00| 0 eng d | ||
| 040 |
_aMACL _cMACL |
||
| 041 | _aEnglish | ||
| 082 | _a920/JAR | ||
| 100 |
_aJordens, J T F _930280 |
||
| 245 |
_aDayananda Sarasvati _bhis life and ideas |
||
| 260 |
_bOxford University Press _c1978 _aNew Delhi |
||
| 350 | _a80 | ||
| 650 |
_aBiography _930281 |
||
| 942 |
_cBK _k920/JOR _2ddc |
||
| 999 |
_c33708 _d33708 |
||